书目信息 |
| 题名: |
考研数学常考知识点
|
|
| 作者: | 葛严麟 著 | |
| 分册: | ||
| 出版信息: | 北京 中国人民大学出版社 2002 |
|
| 页数: | 511页 | |
| 开本: | 26cm | |
| 丛书名: | ||
| 单 册: | ||
| 中图分类: | S13 | |
| 科图分类: | ||
| 主题词: | 农业化学 | |
| 电子资源: | ||
| ISBN: | 7-300-03098-X | |
| 000 | 00545nam0 2200193 450 | |
| 001 | 0732828906 | |
| 005 | 20070903090708.90 | |
| 010 | @a7-300-03098-X@d¥39.00 | |
| 100 | @a20070903d km y0chiy0120 ea | |
| 101 | 0 | @achi |
| 200 | 1 | @a考研数学常考知识点@Akao yan shu xue chang kao zhi shi dian@f葛严麟著@Fge yan lin zhu |
| 205 | @a4版 | |
| 210 | @a北京@c中国人民大学出版社@d2002 | |
| 215 | @a511页@d26cm | |
| 606 | 0 | @a农业化学 |
| 690 | @aS13@v3 | |
| 701 | 0 | @a葛严麟@Age yan lin@4著 |
| 801 | 0 | @aCN@bPFT@c20070903 |
| 905 | @a213230@dS13@eS275@f1 | |
| 考研数学常考知识点/葛严麟著.-4版.-北京:中国人民大学出版社,2002 |
| 511页;26cm |
| ISBN 7-300-03098-X:¥39.00 |
| ● |
| 相关链接 |
|
|
|
|
正题名:考研数学常考知识点
索取号:S13/S275
 
预约/预借
| 序号 | 登录号 | 条形码 | 馆藏地/架位号 | 状态 | 备注 |
| 1 | 6701250 | 267012500 | 密集书库-数信学院/ [索取号:S13/S275] | 在馆 | |
| 2 | 6704522 | 267045226 | 密集书库-数信学院/ [索取号:S13/S275] | 在馆 |